AKO ĎALEJ V INFORMAČNÝCH SYSTÉMOCH VO VYSOKOM ŠKOLSTVE

Bibliographic Details
Main Author: Dufek, Peter (Author)
Format: Article
Language:Slovak

MARC

LEADER 00000nab a2200000uu 4500
001 vtls011459234
003 SK-MaSNL
005 20260303094200.0
008 220810|1997 xo |||||||||||||||||slo|
015 |a SNBRB 
035 |a (urnnbn)urn:nbn:sk:snk:ar-a0a8xw 
035 |a (uuid)8748a5de-1965-42e8-8e8c-b61a24d75d7d 
035 |a urn:nbn:sk:snk-abctex 
040 |a SNKBUCL  |b slo  |c SNKBUCL  |e AACR2 
041 0 |a slo 
044 |a xo  |c SK 
100 1 |a Dufek, Peter  |4 aut  |9 786846 
245 1 0 |a AKO ĎALEJ V INFORMAČNÝCH SYSTÉMOCH VO VYSOKOM ŠKOLSTVE  |c Peter Dufek 
773 0 |t Academia : súčasnosť a perspektívy vysokých škôl a vedy  |g Roč. 8, č. 3-4 (1997), s. 4-7 
954 |a odborná, vedecká literatúra pôvodná (slovenská)  |2 lita 
958 |a OND 
958 |a article16 
999 |c 1819213  |d 1821143